نوٹوں کی تلاش / (Record no. 107086)
[ view plain ]
| 000 -LEADER | |
|---|---|
| fixed length control field | 00834nam a22002657a 4500 |
| 005 - DATE AND TIME OF LATEST TRANSACTION | |
| control field | 20170123162321.0 |
| 010 ## - LIBRARY OF CONGRESS CONTROL NUMBER | |
| LC control number | A-688111 |
| 020 ## - INTERNATIONAL STANDARD BOOK NUMBER | |
| Terms of availability | 60.00 |
| 035 ## - SYSTEM CONTROL NUMBER | |
| System control number | A-688111 |
| 037 ## - SOURCE OF ACQUISITION | |
| Source of stock number/acquisition | Cen Lib/Ret |
| 040 ## - CATALOGING SOURCE | |
| Original cataloging agency | DPL |
| Language of cataloging | UR |
| 082 ## - DEWEY DECIMAL CLASSIFICATION NUMBER | |
| Classification number | ن |
| Item number | م ح م |
| 100 ## - MAIN ENTRY--PERSONAL NAME | |
| Personal name | موحمد عاقل آیازسیہری |
| 9 (RLIN) | 117085 |
| 110 ## - MAIN ENTRY--CORPORATE NAME | |
| Corporate name or jurisdiction name as entry element | |
| 9 (RLIN) | 117086 |
| 245 ## - TITLE STATEMENT | |
| Title | نوٹوں کی تلاش / |
| Statement of responsibility, etc | موحمد عاقل آیازسیہری |
| 246 ## - VARYING FORM OF TITLE | |
| Title proper/short title | Noton ki talash / |
| Remainder of title | by Mohammd Aqil Ayazsenavi |
| 260 ## - PUBLICATION, DISTRIBUTION, ETC. (IMPRINT) | |
| Name of publisher, distributor, etc | نوویلستان |
| Place of publication, distribution, etc | نیی دہلی |
| Date of publication, distribution, etc | 1992 |
| 270 ## - ADDRESS | |
| City | نیی دہلی |
| Address | جامہ نگر |
| Postal code | 110025 |
| 300 ## - PHYSICAL DESCRIPTION | |
| Extent | 264p. |
| Dimensions | 18cm(Hb) |
| 650 ## - SUBJECT ADDED ENTRY--TOPICAL TERM | |
| Topical term or geographic name as entry element | اردو ادب |
| 9 (RLIN) | 117087 |
| 650 ## - SUBJECT ADDED ENTRY--TOPICAL TERM | |
| Topical term or geographic name as entry element | اردو ناول |
| 9 (RLIN) | 547 |
| 650 ## - SUBJECT ADDED ENTRY--TOPICAL TERM | |
| Topical term or geographic name as entry element | Urdu literature |
| 9 (RLIN) | 117088 |
| 650 ## - SUBJECT ADDED ENTRY--TOPICAL TERM | |
| Topical term or geographic name as entry element | Urdu novel |
| 9 (RLIN) | 117089 |
| 942 ## - ADDED ENTRY ELEMENTS (KOHA) | |
| Source of classification or shelving scheme | Dewey Decimal Classification |
| Koha item type | Urdu Bks |
| Classification part | ن |
| Call number suffix | م ح م |
| Withdrawn status | Lost status | Damaged status | Not for loan | Home library | Current library | Date acquired | Source of acquisition | Cost, normal purchase price | Total Checkouts | Full call number | Barcode | Date last seen | Copy number | Cost, replacement price | Price effective from | Koha item type |
|---|---|---|---|---|---|---|---|---|---|---|---|---|---|---|---|---|
| Withdrawn | Central Library | Central Library | 02/01/2016 | Cen Lib/Ret | 60.00 | ن م ح م | A-688111 | 02/01/2016 | 1 | 60.00 | 02/01/2016 | Urdu Bks |
